| 000 | 00526nam a22002177a 4500 | ||
|---|---|---|---|
| 003 | UA-OsUOA | ||
| 001 | 93132 | ||
| 007 | ta | ||
| 008 | 20130115b un ||||| |||| 00| 0 ukr d | ||
| 090 |
_a821.161.1 _bГ52 |
||
| 942 | _cBK | ||
| 040 |
_aUA-OsUOA _bukr _cUA-OsUOA _dUA-OsUOA |
||
| 245 |
_aГлавная сила "катюши" _cУпор. КовальчукО. |
||
| 300 | _a238 с. | ||
| 955 | _a0 | ||
| 041 | _aukr | ||
| 080 | _a821.161.1 | ||
| 260 |
_aК. _bУкраїна _c1995 |
||
| 650 | 7 | _2UDC | |
| 999 |
_c379243 _d379243 |
||